1 Kings : (Record no. 10408)

MARC details
000 -LEADER
fixed length control field 01365cam a2200385 i 4500
001 - CONTROL NUMBER
control field 20584009
003 - CONTROL NUMBER IDENTIFIER
control field GBCCL
005 - DATE AND TIME OF LATEST TRANSACTION
control field 20241126110731.0
007 - PHYSICAL DESCRIPTION FIXED FIELD--GENERAL INFORMATION
fixed length control field cr_|||||||||||
008 - FIXED-LENGTH DATA ELEMENTS--GENERAL INFORMATION
fixed length control field 180714s2018 ilu ob 001 0 eng
010 ## -
-- 2018033743
020 ## - INTERNATIONAL STANDARD BOOK NUMBER
International Standard Book Number 9781433514586 (pdf)
020 ## - INTERNATIONAL STANDARD BOOK NUMBER
International Standard Book Number 9781433514593 (mobi)
020 ## - INTERNATIONAL STANDARD BOOK NUMBER
International Standard Book Number 9781433524530 ( epub)
020 ## - INTERNATIONAL STANDARD BOOK NUMBER
Canceled/invalid ISBN 9781433514579 (hc)
040 ## - CATALOGING SOURCE
Original cataloging agency DLC
Language of cataloging eng
Description conventions rda
Transcribing agency DLC
Modifying agency DLC
042 ## -
-- pcc
050 00 -
-- BS1335.53
082 00 - DEWEY DECIMAL CLASSIFICATION NUMBER
Classification number 220.7
-- 222.5307
Edition information 23
Item number PRE
100 1# - MAIN ENTRY--PERSONAL NAME
Personal name Woodhouse, John,
Dates associated with a name 1949-
Relator term author.
9 (RLIN) 18086
245 10 - TITLE STATEMENT
Title 1 Kings :
Remainder of title power, politics, and the hope of the world /
Statement of responsibility, etc. John Woodhouse.
264 #1 - PRODUCTION, PUBLICATION, DISTRIBUTION, MANUFACTURE, AND COPYRIGHT NOTICE
Place of production, publication, distribution, manufacture Wheaton, Illinois :
Name of producer, publisher, distributor, manufacturer Crossway,
Date of production, publication, distribution, manufacture, or copyright notice [2018]
300 ## - PHYSICAL DESCRIPTION
Extent 1 online resource.
336 ## - CONTENT TYPE
Content type term text
Content type code txt
Source rdacontent
337 ## - MEDIA TYPE
Media type term computer
Media type code n
Source rdamedia
338 ## - CARRIER TYPE
Carrier type term online resource
Carrier type code nc
Source rdacarrier
490 0# - SERIES STATEMENT
Series statement Preaching the word
504 ## - BIBLIOGRAPHY, ETC. NOTE
Bibliography, etc. note Includes bibliographical references and index.
588 ## - SOURCE OF DESCRIPTION NOTE
Source of description note Description based on print version record and CIP data provided by publisher.
630 00 - SUBJECT ADDED ENTRY--UNIFORM TITLE
Uniform title Bible.
Name of part/section of a work Kings,1st
Form subdivision Commentaries..
9 (RLIN) 18087
776 08 - ADDITIONAL PHYSICAL FORM ENTRY
Relationship information Print version:
Main entry heading Woodhouse, John, 1949- author.
Title 1 Kings
Place, publisher, and date of publication Wheaton : Crossway, 2018
International Standard Book Number 9781433514579
Record control number (DLC) 2018021947
906 ## - LOCAL DATA ELEMENT F, LDF (RLIN)
a 7
b cbc
c origcop
d 1
e ecip
f 20
g y-gencatlg
942 ## - ADDED ENTRY ELEMENTS (KOHA)
Source of classification or shelving scheme Dewey Decimal Classification
Koha item type Reference Books
Holdings
Withdrawn status Lost status Source of classification or shelving scheme Damaged status Not for loan Home library Current Library Shelving location Date acquired Total checkouts Full call number Barcode Date last seen Copy number Price effective from Koha item type
    Dewey Decimal Classification     GRACE BIBLE COLLEGE GRACE BIBLE COLLEGE Commentary 2024-07-15   220.7 PRE 020792 2025-05-01 c.1 2024-07-15 Reference Books
© Grace Bible College Library 2025